[Event "British Chess Championships 2023: AM Tournament U1900"]
[Site "The Venue, De Montfort University, 20 Western Boulevard, Leicester, LE2 7BU"]
[Date "2023.07.24"]
[Round "1"]
[Board "24"]
[White "Whittington, Reece W"]
[Black "Daly, Grant"]
[Result "1/2-1/2"]
[WhiteElo "1766"]
[BlackElo "1596"]
[PlyCount "0"]
[EventDate "2023.07.24"]
[EventRounds "6"]
[EventCountry "ENG"]

1. d4 Nf6 2. c4 e6 3. Nc3 Bb4 4. Qc2 d5 5. Nf3 c5 6. e3 O-O 7. Bd2 b6 8. cxd5 cxd4
9. Nxd4 Nxd5 10. Bd3 h6 11. Nxd5 Bxd2+ 12. Qxd2 Qxd5 13. O-O Bb7 14. f3 Nc6 15. Be4
Qd6 16. Rfd1 Nd8 17. Bxb7 Nxb7 18. Rac1 Rac8 19. Rc2 Rc7 20. Rxc7 Rd8 21. Rc8 Rxc8
22. Nb5 Qxd2 23. Rxd2 a6 24. Nc3 Rd8 25. Rxd8+ Nxd8 26. Na4 b5 27. Nc5 a5 28. Kf2
Kf8 29. a3 Ke7 30. Ke2 Kd6 31. Nb3 Nc6 32. Kd3 f5 33. Nd4 Nxd4 34. Kxd4 e5+ 35. Kd3
g5 36. g4 f4 37. e4  1/2-1/2

[Event "British Chess Championships 2023: AM Tournament U1900"]
[Site "The Venue, De Montfort University, 20 Western Boulevard, Leicester, LE2 7BU"]
[Date "2023.07.24"]
[Round "1"]
[Board "25"]
[White "Morris, Nigel W"]
[Black "Smith, Andrew Pe"]
[Result "1-0"]
[WhiteElo "1596"]
[BlackElo "1761"]
[PlyCount "0"]
[EventDate "2023.07.24"]
[EventRounds "6"]
[EventCountry "ENG"]

1. Nf3 Nf6 2. c4 e6 3. g3 d5 4. Bg2 Be7 5. b3 c5 6. e3 Nc6 7. Bb2 O-O 8. O-O d4 9.
exd4 cxd4 10. d3 e5 11. Re1 Bb4 12. Re2 Re8 13. a3 Bd6 14. Nbd2 Bg4 15. h3 Bh5 16.
b4 Qd7 17. Qb3 b6 18. b5 Na5 19. Qc2 Rac8 20. Qb1 Qc7 21. Re1 Bg6 22. Nh4 Nd7 23.
Nxg6 hxg6 24. Bc1 Nc5 25. a4 Qd7 26. Bb2 Nab3 27. Nxb3 Nxb3 28. Ra2 Qf5 29. Ba3 Nc5
30. Bxc5 Bxc5 31. Kh2 Qg5 32. Rae2 f6 33. f4 Qh5 34. fxe5 Rxe5 35. Rxe5 fxe5 36.
Re4 Rf8 37. Qe1 Bd6 38. Rh4 Qf5 39. Bd5+ Rf7 40. Bxf7+ Kxf7 41. Qe2 g5 42. Re4 Kg6
43. Kg2 Bc7 44. Qf3 Qe6 45. Rg4 Kh6 46. Qc6 Bd6 47. Qe4 g6 48. h4 gxh4 49. Rxh4+
Kg7 50. Qg4 Qf7 51. Qh3 Kf6 52. Rh7 Qe6 53. Qxe6+ Kxe6 54. Rxa7 e4 55. dxe4 d3 56.
Rh7 d2 57. Rh1 Ke5 58. Kf3 Kd4 59. Rd1 Kd3 60. g4 g5 61. Rh1 Kxc4 62. Ke2 Kc3 63.
Kd1 Kd3 64. Rh3+ Kxe4 65. Kxd2 Kf4 66. Rh6 Bc5 67. Rc6 Bb4+ 68. Ke2 Ba5 69. Rc4+
Kg3 70. Kd3 Kf3 71. Re4 Kg3 72. Ke3 Kh3 73. Kf3 Kh2 74. Re5 Bd2 75. Re2+  1-0

[Event "British Chess Championships 2023: AM Tournament U1900"]
[Site "The Venue, De Montfort University, 20 Western Boulevard, Leicester, LE2 7BU"]
[Date "2023.07.24"]
[Round "1"]
[Board "26"]
[White "Farrar, Gordon"]
[Black "Nargund, Sujan"]
[Result "1/2-1/2"]
[WhiteElo "1759"]
[BlackElo "1564"]
[PlyCount "0"]
[EventDate "2023.07.24"]
[EventRounds "6"]
[EventCountry "ENG"]

1. e4 c5 2. d3 Nc6 3. f4 g6 4. Nf3 Bg7 5. c3 e6 6. Be2 Nge7 7. O-O O-O 8. Na3 d5
9. Qe1 d4 10. Nc4 b5 11. Nce5 Nxe5 12. Nxe5 Qd6 13. Qg3 f6 14. Nf3 dxc3 15. bxc3
Rd8 16. Be3 Bb7 17. Rfd1 Rac8 18. Qh3 a5 19. e5 fxe5 20. fxe5 Bxe5 21. Nxe5 Qxe5
22. d4 cxd4 23. cxd4 Qf5 24. Bg4 Qf6 25. Bxe6+ Kh8 26. Bxc8 Bxc8 27. Qg3 Nf5 28.
Qe5 Qxe5 29. dxe5 Rxd1+ 30. Rxd1 Be6 31. Bg5 Bxa2 32. Bf6+ Kg8 33. g4 Ne3 34. Rd8+
Kf7 35. h3 b4 36. Kf2 Nc2 37. Ra8 b3 38. Ra7+ Ke6 39. Ra6+ Kf7 40. Ra7+ Ke6 41. Ra6+
Kd5 42. e6  1/2-1/2

[Event "British Chess Championships 2023: AM Tournament U1900"]
[Site "The Venue, De Montfort University, 20 Western Boulevard, Leicester, LE2 7BU"]
[Date "2023.07.24"]
[Round "1"]
[Board "27"]
[White "Hollyman, Mike"]
[Black "Macqueen, Andrew"]
[Result "0-1"]
[WhiteElo "1555"]
[BlackElo "1759"]
[PlyCount "0"]
[EventDate "2023.07.24"]
[EventRounds "6"]
[EventCountry "ENG"]

1. c4 c5 2. Nc3 g6 3. g3 Bg7 4. Bg2 Nc6 5. e4 e5 6. Nge2 d6 7. O-O Nge7 8. d3 O-O
9. Be3 Bg4 10. h3 Be6 11. f4 f5 12. Qd2 Qd7 13. Kh2 Nd4 14. Rab1 Rab8 15. Nd5 Nxe2
16. Qxe2 Nc6 17. a3 exf4 18. Nxf4 Rbe8 19. Nxe6 Qxe6 20. Rbe1 Kh8 21. Qd2 Qd7 22.
b4 Nd4 23. bxc5 dxc5 24. Bh6 fxe4 25. Bxe4 b6 26. Kg2 Nf5 27. Bxg7+ Qxg7 28. g4 Nd4
29. Qd1 Qd7 30. Qc1 Qd6 31. Qg5 Ne6 32. Qd5 Qxd5 33. Bxd5 Rxf1 34. Kxf1 Rf8+ 35.
Kg1 Nf4 36. Re7 Nxh3+ 37. Kh2 Nf4 38. Be4 Rd8 39. Rxa7 Nxd3 40. Rb7 Ne5 41. Rxb6
Nxg4+ 42. Kg3 Ne3 43. Rb3 Nxc4 44. Rc3 Nd6 45. Bd3 c4 46. Bc2 Rc8 47. a4 Kg7 48.
a5 Ra8 49. Ra3 Kf6 50. a6 Ke5 51. Bd1 Ra7 52. Kg4 Kd4 53. Bf3 c3 54. Ra4+ Kd3 55.
Ra3 Nc4  0-1

[Event "British Chess Championships 2023: AM Tournament U1900"]
[Site "The Venue, De Montfort University, 20 Western Boulevard, Leicester, LE2 7BU"]
[Date "2023.07.24"]
[Round "1"]
[Board "28"]
[White "Gonzales, Ceferino"]
[Black "Collins, Nigel"]
[Result "1-0"]
[WhiteElo "1758"]
[BlackElo "1496"]
[PlyCount "0"]
[EventDate "2023.07.24"]
[EventRounds "6"]
[EventCountry "ENG"]

1. c4 g6 2. Nc3 c5 3. e4 Bg7 4. Bd3 Nc6 5. Nf3 e5 6. O-O Nge7 7. Re1 O-O 8. Nd5 d6
9. h3 f5 10. a3 f4 11. Rb1 Bd7 12. b4 b6 13. Bb2 Rb8 14. Bc3 h6 15. b5 Nxd5 16. exd5
Ne7 17. Nh4 g5 18. Ng6 Nxg6 19. Bxg6 Bf5 20. Bxf5 Rxf5 21. f3 Qf8 22. a4 Ra8 23.
a5 Qe7 24. Ra1 Rff8 25. Qc2 Qf7 26. Ra3 Bf6 27. axb6 axb6 28. Rea1 Rxa3 29. Rxa3
Rb8 30. Qf5 Bd8 31. Qe4 Kg7 32. Qc2 Kf6 33. Kh2 Bc7 34. Ra7 Rc8 35. Qa2 Qd7 36. Qa6
Qd8 37. Qb7 Qd7 38. Qa6 h5 39. Qa1 g4 40. Qb1 gxh3 41. gxh3 Qg7 42. Qg1 Qxg1+ 43.
Kxg1 Rg8+ 44. Kh2 Rg7 45. Ra8 Ke7 46. Rh8 Rg3 47. Rxh5 Rxf3 48. Rh7+ Kd8 49. Rh8+
Kd7 50. Rh7+ Kc8 51. Rh8+ Kd7 52. Rg8 Bd8 53. Rg4 Rf2+ 54. Rg2 Rxg2+ 55. Kxg2 Bh4
56. d3 Ke7 57. Kf3 Kf6 58. Ba5 bxa5 59. b6 a4 60. b7 Kf7 61. b8=Q  1-0

[Event "British Chess Championships 2023: AM Tournament U1900"]
[Site "The Venue, De Montfort University, 20 Western Boulevard, Leicester, LE2 7BU"]
[Date "2023.07.24"]
[Round "1"]
[Board "29"]
[White "Yi, Louis"]
[Black "Taylor, Robert P"]
[Result "1/2-1/2"]
[WhiteElo "1443"]
[BlackElo "1755"]
[PlyCount "0"]
[EventDate "2023.07.24"]
[EventRounds "6"]
[EventCountry "ENG"]

1. e4 e5 2. Nf3 Nc6 3. Bc4 Nf6 4. d3 Be7 5. O-O O-O 6. c3 d6 7. h3 h6 8. Re1 Re8
9. Nbd2 Bf8 10. Nf1 Be6 11. Bxe6 fxe6 12. Ng3 Qd7 13. d4 exd4 14. Nxd4 Nxd4 15. Qxd4
Qf7 16. Qd3 Rad8 17. Qf3 Be7 18. Bf4 Nh7 19. Qg4 Nf6 20. Qf3 Rf8 21. Be3 Qg6 22.
Bd2 Rf7 23. Qe2 Rdf8 24. Rad1 Nh7 25. Rf1 Kh8 26. e5 d5 27. Be3 Bh4 28. Qh5 Qxh5
29. Nxh5 Bg5 30. f4 Be7 31. Ng3 c5 32. a4 b6 33. Rf3 g6 34. Ne2 h5 35. Rdf1 Bd8 36.
Bd2 Kg7 37. b4 Bc7 38. bxc5 bxc5 39. Be3 Bb6 40. Ra1 Rc8 41. a5 Bd8 42. a6 Bb6 43.
Rff1 Nf8 44. Ra2 Rc6 45. Rb1 Rfc7 46. Kf1 Nd7 47. Ke1 Rc8 48. Kd2 g5 49. g3 g4 50.
h4 Kg6 51. Ra4 Nb8 52. Kd3 Kf5 53. c4 d4 54. Bd2 Nd7 55. Nc1 Bd8  1/2-1/2

[Event "British Chess Championships 2023: AM Tournament U1900"]
[Site "The Venue, De Montfort University, 20 Western Boulevard, Leicester, LE2 7BU"]
[Date "2023.07.25"]
[Round "2"]
[Board "1"]
[White "Honey, Luke"]
[Black "Di-Vetta, Andrew"]
[Result "1-0"]
[WhiteElo "1897"]
[BlackElo "1776"]
[PlyCount "0"]
[EventDate "2023.07.24"]
[EventRounds "6"]
[EventCountry "ENG"]

1. e4 c5 2. Nf3 d6 3. d4 cxd4 4. Nxd4 Nf6 5. Nc3 a6 6. Rg1 g6 7. g4 Bg7 8. g5 Nfd7
9. Be3 Qa5 10. h4 Nc6 11. Be2 Qb4 12. a3 Qa5 13. b4 Qb6 14. Nd5 Qd8 15. Rb1 e6 16.
Nf4 Nxd4 17. Bxd4 e5 18. Ba1 O-O 19. Nd5 Nb6 20. Ne3 Be6 21. c4 f5 22. exf5 gxf5
23. c5 f4 24. Ng4 Nc8 25. Nf6+ Bxf6 26. gxf6+ Kh8 27. cxd6 Qxf6 28. Rg5 Qh6 29. Bxe5+
Rf6 30. Qd4  1-0

[Event "British Chess Championships 2023: AM Tournament U1900"]
[Site "The Venue, De Montfort University, 20 Western Boulevard, Leicester, LE2 7BU"]
[Date "2023.07.25"]
[Round "2"]
[Board "2"]
[White "Vyas, Alisha"]
[Black "Gonzales, Ceferino"]
[Result "1-0"]
[WhiteElo "1878"]
[BlackElo "1758"]
[PlyCount "0"]
[EventDate "2023.07.24"]
[EventRounds "6"]
[EventCountry "ENG"]

1. e4 Nf6 2. e5 Nd5 3. d4 d6 4. Bc4 Nb6 5. Bb3 dxe5 6. Qh5 e6 7. dxe5 g6 8. Qg4 Nc6
9. Nf3 Bg7 10. Bf4 Nd5 11. Bg3 h5 12. Qe4 Qe7 13. c3 Bd7 14. Bh4 Qc5 15. O-O Nde7
16. Re1 O-O-O 17. Na3 Rhg8 18. Bg5 Rde8 19. Rad1 Nb8 20. Ba4 Bc6 21. Bxc6 Nbxc6 22.
Nc2 Nf5 23. Rd2 Bh6 24. Bxh6 Nxh6 25. Ncd4 Nxd4 26. Rxd4 Nf5 27. Rb4 Qd5 28. Qe2
Rd8 29. Ra4 Kb8 30. Ng5 Rd7 31. Nh7 Qd3 32. Nf6 Rgd8 33. Nxd7+ Rxd7 34. Qxd3 Rxd3
35. Rae4 Rd2 36. R4e2 Rd5 37. h3 h4 38. Kf1 g5 39. Rc1 Ne7 40. Ke1 Ng6 41. Rd1 c6
42. Rxd5 cxd5 43. g3 b5 44. Kf1 Ne7 45. gxh4 gxh4 46. Re3 Nf5 47. Rf3 Kc7 48. Rf4
Kd7 49. Rg4 Ke7 50. Rg8 f6 51. exf6+ Kxf6 52. Ra8 Nd6 53. Rxa7 Nc4 54. b3 Nd6 55.
Ke2 Ne4 56. Rc7 Ng5 57. a4 bxa4 58. bxa4 Nxh3 59. Rh7 Kg5 60. a5 Nf4+ 61. Kf1 e5
62. a6 d4 63. cxd4 exd4 64. a7  1-0

[Event "British Chess Championships 2023: AM Tournament U1900"]
[Site "The Venue, De Montfort University, 20 Western Boulevard, Leicester, LE2 7BU"]
[Date "2023.07.25"]
[Round "2"]
[Board "3"]
[White "Clegg, Robert"]
[Black "Horlock, Peter J"]
[Result "0-1"]
[WhiteElo "1860"]
[BlackElo "1628"]
[PlyCount "0"]
[EventDate "2023.07.24"]
[EventRounds "6"]
[EventCountry "ENG"]

1. d4 d5 2. c4 Nf6 3. Nf3 e6 4. Bg5 Be7 5. e3 Nbd7 6. Qc2 O-O 7. Nc3 b6 8. O-O-O
Bb7 9. cxd5 Nxd5 10. Bxe7 Qxe7 11. Kb1 Nxc3+ 12. bxc3 Nf6 13. Bd3 c5 14. Rhg1 cxd4
15. Nxd4 Rac8 16. g4 g6 17. e4 Rc5 18. f3 Rfc8 19. Ne2 Nd7 20. f4 b5 21. Qd2 Nb6
22. f5 Na4 23. Rc1 exf5 24. gxf5 Bxe4 25. fxg6 fxg6 26. Bxe4 Qxe4+ 27. Ka1 b4 28.
cxb4 Qxe2  0-1

[Event "British Chess Championships 2023: AM Tournament U1900"]
[Site "The Venue, De Montfort University, 20 Western Boulevard, Leicester, LE2 7BU"]
[Date "2023.07.25"]
[Round "2"]
[Board "4"]
[White "Reghu, Jyothika Ullukaranparambil"]
[Black "Morris, Nigel W"]
[Result "1/2-1/2"]
[WhiteElo "1833"]
[BlackElo "1596"]
[PlyCount "0"]
[EventDate "2023.07.24"]
[EventRounds "6"]
[EventCountry "ENG"]

1. e4 c5 2. Nc3 Nc6 3. g3 g6 4. Bg2 Bg7 5. d3 e6 6. f4 Nge7 7. Nf3 a6 8. O-O O-O
9. Be3 Nd4 10. Rb1 Rb8 11. Ne2 Nxf3+ 12. Bxf3 d6 13. g4 f5 14. h3 Qc7 15. Ng3 b5
16. Kg2 Bd7 17. Rh1 b4 18. h4 a5 19. h5 Kf7 20. h6 Bh8 21. Qe2 a4 22. Rhe1 Rfe8 23.
Qf1 Qc8 24. Qh1 Rg8 25. Ne2 Bc6 26. Kf2 Qb7 27. Ng1 Qc7 28. Qh2 Bd7 29. Nh3 Bf6 30.
Bd2 Rgc8 31. Kg2 Re8 32. Re2 Bc8 33. Be1 Rb6 34. e5 dxe5 35. fxe5 Bh8 36. Ng5+ Kg8
37. Qf4 Rf8 38. Bg3 Bb7 39. Rf1 Bxf3+ 40. Qxf3 Qd7 41. Kh2 Rbb8 42. Rd1 Nc6 43. c3
Rbc8 44. gxf5 Rxf5 45. Qg4 Bxe5 46. Ne4 Bxg3+ 47. Nxg3 Rf6 48. Ne4 Rf5 49. Ng3 Rf6
50. Ne4 Rf5  1/2-1/2

[Event "British Chess Championships 2023: AM Tournament U1900"]
[Site "The Venue, De Montfort University, 20 Western Boulevard, Leicester, LE2 7BU"]
[Date "2023.07.25"]
[Round "2"]
[Board "5"]
[White "Macqueen, Andrew"]
[Black "Betts, Richard"]
[Result "1-0"]
[WhiteElo "1759"]
[BlackElo "1831"]
[PlyCount "0"]
[EventDate "2023.07.24"]
[EventRounds "6"]
[EventCountry "ENG"]

1. e4 e6 2. d4 d5 3. Nd2 c5 4. Bb5+ Bd7 5. Bxd7+ Qxd7 6. exd5 Qxd5 7. Qf3 Nf6 8.
c4 Qxf3 9. Ngxf3 Nc6 10. Nb3 cxd4 11. Nfxd4 Bb4+ 12. Ke2 Nxd4+ 13. Nxd4 Rc8 14. Be3
Ng4 15. Rac1 Nxe3 16. fxe3 Ke7 17. a3 Bd6 18. b4 a6 19. c5 Bb8 20. a4 g6 21. b5 e5
22. Nb3 Rhd8 23. Rhd1 Rxd1 24. Kxd1 Rd8+ 25. Ke2 axb5 26. axb5 f5 27. Na5 e4 28.
Nxb7 Rd5 29. g3 Kd7 30. Na5 Be5 31. b6 Kc8 32. Nc6 Bb8 33. Ne7+  1-0

[Event "British Chess Championships 2023: AM Tournament U1900"]
[Site "The Venue, De Montfort University, 20 Western Boulevard, Leicester, LE2 7BU"]
[Date "2023.07.25"]
[Round "2"]
[Board "6"]
[White "Westcott, Dale"]
[Black "Livesey, R Nigel"]
[Result "1-0"]
[WhiteElo "1676"]
[BlackElo "1811"]
[PlyCount "0"]
[EventDate "2023.07.24"]
[EventRounds "6"]
[EventCountry "ENG"]

1. d4 Nf6 2. c4 c5 3. d5 e5 4. Nc3 d6 5. e4 Be7 6. Nf3 O-O 7. Bd3 Ne8 8. Qc2 Nd7
9. Be3 a6 10. O-O g6 11. Bh6 Ng7 12. a3 Nf6 13. b4 b6 14. bxc5 bxc5 15. Rab1 Ng4
16. Bd2 f5 17. h3 Nf6 18. Bh6 f4 19. Na4 Nfe8 20. Rb2 Kh8 21. Nb6 Rb8 22. Nxc8 Rxb2
23. Qxb2 Qxc8 24. Rb1 Nc7 25. Qb7 Qxb7 26. Rxb7 Rc8 27. Bc2 Nge8 28. Ba4 Bd8 29.
Bxe8 Nxe8 30. Rf7 Nf6 31. Ng5 Rb8 32. Rf8+  1-0

[Event "British Chess Championships 2023: AM Tournament U1900"]
[Site "The Venue, De Montfort University, 20 Western Boulevard, Leicester, LE2 7BU"]
[Date "2023.07.25"]
[Round "2"]
[Board "7"]
[White "Willoughby, Andrew P"]
[Black "Smithson, Sean"]
[Result "1-0"]
[WhiteElo "1797"]
[BlackElo "1301"]
[PlyCount "0"]
[EventDate "2023.07.24"]
[EventRounds "6"]
[EventCountry "ENG"]

1. d4 Nf6 2. Nc3 g6 3. e4 d6 4. Be3 Bg7 5. Nf3 O-O 6. Qd2 Nbd7 7. Bh6 c5 8. Bxg7
Kxg7 9. e5 Ne8 10. dxc5 Nxc5 11. O-O-O Be6 12. exd6 Qxd6 13. Qe3 Qb6 14. Nd4 Nd6
15. b3 Rfc8 16. h4 Qa5 17. Kb2 h5 18. Be2 Nce4 19. Nxe4 Nxe4 20. Nxe6+ fxe6 21. Qxe4
Qc3+ 22. Kb1  1-0

[Event "British Chess Championships 2023: AM Tournament U1900"]
[Site "The Venue, De Montfort University, 20 Western Boulevard, Leicester, LE2 7BU"]
[Date "2023.07.25"]
[Round "2"]
[Board "8"]
[White "Mckenna, Joshua"]
[Black "Acharya, Kandara"]
[Result "0-1"]
[WhiteElo "1600"]
[BlackElo "1783"]
[PlyCount "0"]
[EventDate "2023.07.24"]
[EventRounds "6"]
[EventCountry "ENG"]

1. e4 c5 2. c3 g6 3. d4 cxd4 4. cxd4 d5 5. e5 Bg7 6. Nf3 Nh6 7. Nc3 O-O 8. h3 a6
9. Bd3 Nc6 10. a3 f6 11. exf6 exf6 12. O-O b5 13. b4 Bb7 14. Bc2 Ne7 15. Re1 Rc8
16. Ne2 Nhf5 17. Nf4 Qd7 18. Ne6 Rfe8 19. Nxg7 Kxg7 20. Bb2 Nd6 21. Nd2 Nc4 22. Rb1
Nf5 23. Rxe8 Rxe8 24. Nf3 Nfd6 25. Nd2 Qe7 26. Nf3 Qe2 27. Qd3 Qxd3 28. Bxd3 Bc8
29. Bc1 Bf5 30. Bxf5 Nxf5 31. g4 Nfd6 32. Ra1 g5 33. Kf1 Ne4 34. a4 Re7 35. axb5
axb5 36. h4 h6 37. hxg5 hxg5 38. Ra2 Nc3 39. Rc2 Na4 40. Re2 Rxe2 41. Kxe2 Nc3+ 42.
Kd3 Na2 43. Bd2 Nxd2 44. Kxd2 Nxb4 45. Kc3 Nc6 46. Kd3 Kg6 47. Nd2 f5 48. f3 f4 49.
Nb3 Kf6 50. Nc5 Ke7 51. Kc3 b4+ 52. Kd3 Na5 53. Kc2 Nc4 54. Nd3 b3+ 55. Kxb3 Nd2+
56. Kb4 Nxf3 57. Kc5 Ke6 58. Nf2 Nd2 59. Kb4 Ne4  0-1

[Event "British Chess Championships 2023: AM Tournament U1900"]
[Site "The Venue, De Montfort University, 20 Western Boulevard, Leicester, LE2 7BU"]
[Date "2023.07.25"]
[Round "2"]
[Board "9"]
[White "Taylor, Robert P"]
[Black "Gartside, Carl"]
[Result "0-1"]
[WhiteElo "1755"]
[BlackElo "1895"]
[PlyCount "0"]
[EventDate "2023.07.24"]
[EventRounds "6"]
[EventCountry "ENG"]

1. d4 Nf6 2. Bg5 e6 3. Nd2 d5 4. e3 c5 5. c3 Nc6 6. Ngf3 Be7 7. Bd3 O-O 8. O-O Rb8
9. a4 c4 10. Bc2 b5 11. axb5 Rxb5 12. b3 cxb3 13. Bxb3 Qb6 14. Ba4 Rb2 15. Bxc6 Qxc6
16. Rxa7 Bd6 17. Qa1 Qxc3 18. Ra2 Rc2 19. Rxc2 Qxc2 20. Rc1 Qd3 21. Qc3 Qxc3 22.
Rxc3 Nd7 23. Bf4 Bxf4 24. exf4 Ba6 25. Ne5 Nxe5 26. fxe5 Rb8 27. f4 Rb2 28. Nf3 Bc4
29. Ra3 g6 30. Ra8+ Kg7 31. Ra7 h6 32. Ra4 Bd3 33. Ra1 Be4 34. Rd1 Bxf3 35. gxf3
g5 36. fxg5 hxg5 37. f4 g4 38. h3 gxh3 39. Rd3 h2+ 40. Kh1 Kg6 41. Rh3 Kf5 42. Rh7
Kxf4 43. Rxf7+ Ke4 44. Re7 Rb6 45. Kxh2 Kxd4 46. Kg2 Kxe5 47. Kf2 Kd4 48. Ke2 e5
49. Ra7 Rb4 50. Ra1 Ke4 51. Rh1 Rb2+ 52. Ke1  0-1

[Event "British Chess Championships 2023: AM Tournament U1900"]
[Site "The Venue, De Montfort University, 20 Western Boulevard, Leicester, LE2 7BU"]
[Date "2023.07.25"]
[Round "2"]
[Board "10"]
[White "Berkley, Stephen W"]
[Black "Khan, Mohammed"]
[Result "1/2-1/2"]
[WhiteElo "1742"]
[BlackElo "1873"]
[PlyCount "0"]
[EventDate "2023.07.24"]
[EventRounds "6"]
[EventCountry "ENG"]

1. d4 d5 2. c4 c6 3. Nf3 Nf6 4. Qc2 g6 5. Bf4 dxc4 6. Qxc4 Bg7 7. e3 e6 8. Nbd2 O-O
9. Be2 Re8 10. O-O a6 11. Rfd1 b5 12. Qb3 Nbd7 13. Rac1 Bb7 14. Ne5 Qb6 15. Nd3 Bf8
16. Bf3 Rac8 17. Ne4 Nxe4  1/2-1/2

[Event "British Chess Championships 2023: AM Tournament U1900"]
[Site "The Venue, De Montfort University, 20 Western Boulevard, Leicester, LE2 7BU"]
[Date "2023.07.25"]
[Round "2"]
[Board "11"]
[White "Lawrence, Spencer"]
[Black "Kumar, Arnav"]
[Result "1/2-1/2"]
[WhiteElo "1849"]
[BlackElo "1649"]
[PlyCount "0"]
[EventDate "2023.07.24"]
[EventRounds "6"]
[EventCountry "ENG"]

1. c4 e5 2. Nc3 Nf6 3. g3 d5 4. cxd5 Nxd5 5. Bg2 c6 6. Nf3 Nxc3 7. dxc3 Qxd1+ 8.
Kxd1 f6 9. e4 Bc5 10. Ke2 Be6 11. b3 Nd7 12. Be3 Bxe3 13. Kxe3 O-O-O 14. Rhd1 Nc5
15. Ne1 h5 16. f4 exf4+ 17. gxf4 Bg4 18. Bf3 Bxf3 19. Nxf3 Rhe8 20. e5 fxe5 21. Nxe5
Nd7 22. Ke4 Nf6+ 23. Kf5 Nd5 24. Kg5 Nxc3 25. Rxd8+ Rxd8 26. Rf1 Rd2  1/2-1/2

[Event "British Chess Championships 2023: AM Tournament U1900"]
[Site "The Venue, De Montfort University, 20 Western Boulevard, Leicester, LE2 7BU"]
[Date "2023.07.25"]
[Round "2"]
[Board "12"]
[White "Schmerwitz, Reinhard"]
[Black "Watson, Simon"]
[Result "1/2-1/2"]
[WhiteElo "1683"]
[BlackElo "1835"]
[PlyCount "0"]
[EventDate "2023.07.24"]
[EventRounds "6"]
[EventCountry "ENG"]

1. e4 d6 2. d4 Nf6 3. Bd3 e5 4. dxe5 dxe5 5. h3 c6 6. Nf3 Qc7 7. O-O Be7 8. c4 Na6
9. Nc3 O-O 10. Qe2 Nc5 11. Bc2 Ne6 12. Be3 Rd8 13. Rfd1 Rxd1+ 14. Rxd1 b6 15. a3
Bb7 16. b4 Rd8 17. Rxd8+ Nxd8 18. Qd2 Ne6 19. Ng5 Nxg5 20. Bxg5 Qd8 21. Qxd8+ Bxd8
22. Be3  1/2-1/2

[Event "British Chess Championships 2023: AM Tournament U1900"]
[Site "The Venue, De Montfort University, 20 Western Boulevard, Leicester, LE2 7BU"]
[Date "2023.07.25"]
[Round "2"]
[Board "13"]
[White "Page, Martin C"]
[Black "Li, Xiaofan"]
[Result "1/2-1/2"]
[WhiteElo "1821"]
[BlackElo "1673"]
[PlyCount "0"]
[EventDate "2023.07.24"]
[EventRounds "6"]
[EventCountry "ENG"]

1. e4 c6 2. d4 d5 3. exd5 cxd5 4. c4 Nf6 5. Nc3 Nc6 6. Nf3 Bg4 7. Be3 Bxf3 8. Qxf3
e6 9. cxd5 Nxd5 10. Nxd5 Qxd5 11. Qxd5 Bb4+ 12. Kd1 exd5 13. Bb5 a6 14. Ba4 O-O-O
15. Rc1 Kc7 16. a3 Be7 17. b4 b5 18. Bb3 Rd7 19. Kd2 Kb7 20. Ra1 Rc8 21. Rhb1 Ra8
 1/2-1/2

[Event "British Chess Championships 2023: AM Tournament U1900"]
[Site "The Venue, De Montfort University, 20 Western Boulevard, Leicester, LE2 7BU"]
[Date "2023.07.25"]
[Round "2"]
[Board "14"]
[White "Crompton, Robert"]
[Black "Dean, Robert A"]
[Result "1/2-1/2"]
[WhiteElo "1662"]
[BlackElo "1820"]
[PlyCount "0"]
[EventDate "2023.07.24"]
[EventRounds "6"]
[EventCountry "ENG"]

1. e4 e6 2. d4 d5 3. Nc3 Bb4 4. e5 c5 5. a3 Bxc3+ 6. bxc3 Ne7 7. Qg4 O-O 8. Bd3 Nbc6
9. Bg5 Qa5 10. Bd2 Qa4 11. Qh3 Ng6 12. dxc5 Ncxe5 13. Nf3 Nxd3+ 14. cxd3 e5 15. Qh5
Bg4 16. Qg5 f6 17. Qe3 Nf4 18. O-O Qa6 19. h3 Bf5 20. d4 Bd3 21. Rfe1 Ne2+ 22. Kh1
e4 23. Ng1 Nxg1 24. Kxg1 f5 25. Qf4 Qf6 26. Qc7 Rab8 27. Bf4 Rfc8 28. Qd7 Rd8 29.
Qc7  1/2-1/2

[Event "British Chess Championships 2023: AM Tournament U1900"]
[Site "The Venue, De Montfort University, 20 Western Boulevard, Leicester, LE2 7BU"]
[Date "2023.07.25"]
[Round "2"]
[Board "15"]
[White "Coward, Neil"]
[Black "Hayes, Solomon"]
[Result "1-0"]
[WhiteElo "1800"]
[BlackElo "1613"]
[PlyCount "0"]
[EventDate "2023.07.24"]
[EventRounds "6"]
[EventCountry "ENG"]

1. e4 c5 2. d4 cxd4 3. c3 dxc3 4. Nxc3 Nc6 5. Bc4 e6 6. Nf3 a6 7. O-O Nge7 8. Bg5
f6 9. Be3 Ng6 10. Qe2 Nge5 11. Bb3 Be7 12. Rfd1 Qc7 13. Rac1 O-O 14. Nd5 Nxf3+ 15.
Qxf3 exd5 16. exd5 Kh8 17. dxc6 dxc6 18. Qh5 Qe5 19. Qe2 Be6 20. Bxe6 Qxe6 21. a3
Rad8 22. Re1 Rfe8 23. Qh5 g6 24. Qa5 Qe5 25. Qb6 Qb5 26. Qc7 Bd6 27. Qf7 Qe5 28.
g3 Re7 29. Qb3 Qb5 30. Qc2 Rde8 31. Red1 Bc7 32. Rb1 Bb6 33. Qc3 Kg7 34. a4 Qa5 35.
b4 Qxa4 36. Bxb6 Qb5 37. Bc5 Re5 38. Rd7+ Kh6 39. Be3+ g5 40. Qd3 Qxd3 41. Rxd3 Rb5
42. h4 a5 43. hxg5+ fxg5 44. Rd6+ Kh5 45. Kg2 Kg4 46. Bc5 axb4 47. Rxb4+ Rxb4 48.
Bxb4 h5 49. Rf6 Re2 50. Bc5 h4 51. gxh4 gxh4 52. Rg6+ Kh5 53. Rg7 Rc2 54. Be3 b5
55. Rg5+  1-0

[Event "British Chess Championships 2023: AM Tournament U1900"]
[Site "The Venue, De Montfort University, 20 Western Boulevard, Leicester, LE2 7BU"]
[Date "2023.07.25"]
[Round "2"]
[Board "16"]
[White "Shaddick, John"]
[Black "Murrell, Mark R A"]
[Result "1/2-1/2"]
[WhiteElo "1637"]
[BlackElo "1800"]
[PlyCount "0"]
[EventDate "2023.07.24"]
[EventRounds "6"]
[EventCountry "ENG"]

1. e4 c5 2. Nf3 e6 3. d4 cxd4 4. Nxd4 Nf6 5. Nc3 d6 6. g4 e5 7. Nf5 h6 8. Bg2 g6
9. Ne3 Nbd7 10. Bd2 Nb6 11. Qe2 Be6 12. h3 Rc8 13. b3 a6 14. Rc1 Bg7 15. Ncd1 d5
16. Ba5 Rc6 17. Nf5 O-O 18. Nxg7 Kxg7 19. Ne3 dxe4 20. c4 Qc8 21. O-O Nbd7 22. Qb2
Qb8 23. Rcd1 b5 24. Nd5 bxc4 25. Nxf6 Nxf6 26. Bc3 Nxg4 27. hxg4 f6 28. Bxe4 Rb6
29. Bd5 Bxg4 30. f3 Bh3 31. Rfe1 e4 32. Qh2 Qxh2+ 33. Kxh2 Be6 34. Bxe6 Rxe6 35.
Rxe4 Rxe4 36. fxe4  1/2-1/2